| 000 | 00632nam a22002173a 4500 | ||
|---|---|---|---|
| 005 | 20231128063600.0 | ||
| 008 | 011016s2000 mx r 000 0 spa d | ||
| 020 | _a970686007X | ||
| 035 | _aUPN01000114145 | ||
| 049 | _aCG | ||
| 050 | 4 |
_aHQ16 _bC7.68 2000 |
|
| 100 | 1 | _aCrooks, Robert | |
| 245 | 1 | 0 |
_aNuestra sexualidad / _cRobert Crooks, Karla Baur ; tr. José Luis Núñez Herrejón. |
| 250 | _a7a ed. | ||
| 260 |
_aMéxico : _bInternational Thomson, _c2000. |
||
| 300 |
_axxvii, 706 p. : _bil. |
||
| 650 | 2 |
_aConducta sexual _96807 |
|
| 650 | 4 |
_aEducación sexual _97445 |
|
| 700 | 1 |
_aBaur, Karla, _ecoaut. |
|
| 905 | _aLibro | ||
| 999 |
_c88053 _d88053 |
||